10 państw najbliżej Mongolii - Statystyki

Ogólne statystyki
  • Ten quiz został rozwiązany 64 razy
  • Średni wynik to 10 z 10
Statystyki odpowiedzi
km Państwo % Poprawnych
0 Chiny
100%
1650 Japonia
100%
41 Kazachstan
100%
776 Korea Północna
100%
1111 Korea Południowa
100%
0 Rosja
100%
1804 Indie
95%
1940 Tadżykistan
93%
1689 Pakistan
88%
924 Kirgistan
86%
Nie znaleziono quizów pasujących do podanych kryteriów
Rozkład punktacji
Procent ludzi z każdym wynikiem
Percentyl według liczby udzielonych odpowiedzi
Twoja historia wyników
Nie rozwiązałeś tego quizu